| 000 -LEADER |
| fixed length control field |
00370nam a2200133Ia 4500 |
| 008 - FIXED-LENGTH DATA ELEMENTS--GENERAL INFORMATION |
| fixed length control field |
260210s9999 xx 000 0 und d |
| 020 ## - INTERNATIONAL STANDARD BOOK NUMBER |
| International Standard Book Number |
9781844007097 |
| 082 ## - DEWEY DECIMAL CLASSIFICATION NUMBER |
| Classification number |
747 |
| 100 ## - MAIN ENTRY--PERSONAL NAME |
| Personal name |
Elizabeth Wilhide |
| 245 #4 - TITLE STATEMENT |
| Title |
The Interior Design Directory: A Sourcebook of Modern Materials |
| 260 ## - PUBLICATION, DISTRIBUTION, ETC. (IMPRINT) |
| Name of publisher, distributor, etc |
Quadrille Publishing Ltd, |
| Place of publication, distribution, etc |
London |
| 260 ## - PUBLICATION, DISTRIBUTION, ETC. (IMPRINT) |
| Date of publication, distribution, etc |
2009 |
| 942 ## - ADDED ENTRY ELEMENTS (KOHA) |
| Item type |
B.Design |
| Source of classification or shelving scheme |
|